000 00652nam a2200253Ia 4500
008 210210b2005 xxu||||| |||| 00| 0 eng d
020 _a0313329397
041 _aeng
082 _a809.93358 BOOE
100 _aBOOKER (Keith M) Ed
245 _aEncyclopedia of literature and politics: censorship revolution and writing Vol I A-G
260 _aLondon
_bGreenwood Press
_c2005
300 _axxvi,325
650 _awriting
650 _aVol
650 _arevolution
650 _apolitics:censorship
650 _aliterature
650 _aI
650 _aEncyclopedia
650 _aA-G
690 _aLiterary History
906 _a072893
999 _c122686
_d122686